| 000 | 00503cam a2200193ua 4500 | ||
|---|---|---|---|
| 001 | 12279 | ||
| 005 | 20260515114847.0 | ||
| 008 | 200825n ii |||gr||||Z||||||asm | ||
| 020 | _a9789324405340 | ||
| 040 | _cMAIN | ||
| 082 | _a891.4511 | ||
| 100 |
_aBiplab Deka, _eEditor. |
||
| 245 |
_aAsomiya kavya kabitar bichar _cEd by Biplab Deka |
||
| 250 | _a1st ed. | ||
| 260 |
_aGuwahati: _bChandra Prakash, _c2015. |
||
| 300 | _a329p. | ||
| 653 | _aEast Indo-European & Celtic literatures | ||
| 942 | _cBK | ||
| 999 |
_c11022 _d11022 |
||